000 00840nam a2200241 a 4500
001 32795
003 BD-RjUL
005 20211209051909.0
008 140428s1952 pk 000 0 eng d
035 _a(BD-RjUL)32885
040 _aMNU
_cMNU
_dBD-RjUL
_beng
041 _aeng
082 0 4 _a909.09767
_bPII 1952
100 1 _aPickthall, Muhammad Marmaduke
_d1875-1936.
_999366
245 1 0 _aIslamic culture :
_bbeing a reprint of a series of lectures delivered by the author at Madras and published earlier under the title of "The cultural side of Islam." /
_cby Muhammad Marmaduke Pickthall,
250 _aPakistan ed.
260 _aLahore :
_bFerozsons,
_c1952.
300 _aii, 179 p. ;
_c22 cm.
500 _a"Pakistan edition."
650 0 _aIslamic
_999724
_v culture
650 0 _aIslamic civilization
_9223891
942 _2ddc
_cBK
999 _c32795
_d32795